Manual de civil : (Registro nro. 29044)

Detalles MARC
000 -LEADER
fixed length control field 01286nam a2200265Ia 4500
003 - CONTROL NUMBER IDENTIFIER
control field CO-CtgCURN
005 - DATE AND TIME OF LATEST TRANSACTION
control field 20250410223755.0
008 - FIXED-LENGTH DATA ELEMENTS--GENERAL INFORMATION
fixed length control field 190723s9999 xx 000 0 und d
020 ## - INTERNATIONAL STANDARD BOOK NUMBER
International Standard Book Number 9589333826
040 ## - CATALOGING SOURCE
Original cataloging agency CO-CtgCURN
Language of cataloging spa
Transcribing agency coctgcurn
082 ## - DEWEY DECIMAL CLASSIFICATION NUMBER
Classification number 346
Item number Q8
100 ## - MAIN ENTRY--PERSONAL NAME
Personal name Quiroz Monsalvo, Aroldo
9 (RLIN) 8299
Relator term autor
245 #0 - TITLE STATEMENT
Title Manual de civil :
Remainder of title general y sujetos de derecho /
Statement of responsibility, etc. Aroldo Quiroz Monsalvo
250 ## - EDITION STATEMENT
Edition statement 2 edición
260 ## - PUBLICATION, DISTRIBUTION, ETC.
Place of publication, distribution, etc. Bogotá, Colombia :
Name of publisher, distributor, etc. Grupo Editorial Ibáñez,
Date of publication, distribution, etc. 2000
300 ## - PHYSICAL DESCRIPTION
Extent 398 páginas ;
Dimensions 18 centímetros
500 ## - GENERAL NOTE
General note Biblioteca soló posee volumen I.
504 ## - BIBLIOGRAPHY, ETC. NOTE
Bibliography, etc. note Incluye referencias bibliográficas (p. [379]-382)
505 ## - FORMATTED CONTENTS NOTE
Formatted contents note Cap.1. Ubicación del código civil en el derecho -- Cap.2. Ubicación del código civil en las ramas del derecho -- Cap.3. Ubicación del código civil en las fuentes del derecho -- Cap.4. En la historia del derecho colombiano -- Cap.5. Personas encargadas de interpretar el código civil -- Cap.6. Métodos utilizados en la interpretación -- Cap.7.Sujetos del derecho.
521 ## - TARGET AUDIENCE NOTE
Target audience note AREA PROFESIONAL
590 ## - LOCAL NOTE (RLIN)
Local note Programa de Derecho_18
650 ## - SUBJECT ADDED ENTRY--TOPICAL TERM
Topical term or geographic name entry element Derecho civil
Geographic subdivision Colombia
9 (RLIN) 8300
942 ## - ADDED ENTRY ELEMENTS (KOHA)
Koha item type Libros
Classification part 346
Item part Q8
Source of classification or shelving scheme Dewey Decimal Classification
Suppress in OPAC No
Existencias
Withdrawn status Lost status Damaged status Not for loan Collection Home library Current library Shelving location Date acquired Inventory number Total checkouts Full call number Barcode Date last seen Copy number Price effective from Koha item type
          Miguel Henríquez Castañeda Barranquilla Miguel Henríquez Castañeda Barranquilla General 05/23/2018 00166   346 Q8 00166 07/23/2019 v.1 ej.1 07/23/2019 Libros